Necrológicas : Juan Estrany Pons, Miguel Xirgú Subirá Juan Estrany Pons, Miguel Xirgú Subirá

Descripción Física: Il·lustracions
Colección: San Jorge, ; núm. 15 (juliol 1954), pàg 121
Idioma: Español

MARC

LEADER 00000naa a2200000 a 4500
003 Arxiu
005 20260324181038.0
008 160829s1954 spcaxx s spa c
040 |a AGDB 
245 0 0 |a Necrológicas :   |b Juan Estrany Pons, Miguel Xirgú Subirá 
300 |b Il·lustracions 
490 |a San Jorge,   |v núm. 15 (juliol 1954), pàg 121 
600 1 0 |9 55281  |a Estrany Pons, Joan 
600 1 0 |9 55282  |a Xirgú i Subirà, Miquel 
650 0 |a Necrologies  |z Barcelona (Catalunya)  |9 30470 
773 |g Núm. 15 (juliol 1954), pàg 121  |t San Jorge. 
901 |a Arxiu 
942 |n 1  |2 udc  |c ART 
952 |0 0  |1 0  |4 0  |6 REV509  |7 1  |9 65085  |a Arxiu  |b Arxiu  |d 2023-01-24  |l 0  |o Rev-509  |r 2023-01-24 00:00:00  |w 2023-01-24  |y ARXIU  |z També disponible a Rev-523 
999 |c 48773  |d 48773